000 00306nam a2200133 i 4500
001 bg
100 1 _aKLEINER, Witold
245 0 _aZarys analizy matematycznej /
_cWitold Kleiner.
260 _aWarszawa,
_c1978.
040 _cBPK
041 _apol
942 _cKS
008 s pl f |000 0 pol
999 _c743
_d743
856 _uhttp://koha.tu.koszalin.pl/cgi-bin/koha/opac-detail.pl?biblionumber=743
_yKatalog online BPK